| 000 | 00953nam a2200217 a 4500 | ||
|---|---|---|---|
| 999 |
_c1591 _d1591 |
||
| 001 | 1591 | ||
| 003 | BD-JhCC | ||
| 005 | 20171022111030.0 | ||
| 008 | 171022s1999 bg a|||| ||a| 000 0 ben d | ||
| 035 | _a(BD-JhCC)1591 | ||
| 040 |
_aBD-JhCC _dBD-JhCC |
||
| 041 | _aben | ||
| 082 |
_a615.321 _bLAN 1999 |
||
| 100 | _aল্যাডিয়ন,-হারমিনিয়া ডি গুজম্যান | ||
| 245 |
_aবনৌষধির আশ্চর্য্য আরোগ্য ক্ষমতা / _bবনৌষধির কার্য্যকর ব্যবহারের নির্দেশনা _cহারমিনিয়া ডি গুজম্যান -ল্যাডিয়ন |
||
| 260 |
_aঢাকা : _bবাংলাদেশ এ্যাডভেন্টিষ্ট প্রেস, _c১৯৯৯. |
||
| 300 |
_a140 p. : _c22 cm. |
||
| 650 |
_aHerbs _xTherapeutiz Use |
||
| 942 |
_2ddc _cBK |
||